00982nam a2200229 a 450000100060000000300090000600800410001502000180005604000280007408200170010210000420011924500560016126000300021730000100024750501980025765000410045565000380049665000370053494200120057199900170058395201520060023052CO-ViMGA141112s2004 ck r 000 u spa d a9788480557801 aCO-ViMGAbspacCO-ViMGA04a616.024 G8411 aCaballero Martìnez, Fernando93315510aGuìa mèdica : bpara uso profesional y familiar aEspaña : bCultural s.a a576p. aManifestaciones clinicas de la enfermedad : sintomas y signos, Tecnicas de diagnosticos, Enfermedades del aparato respiratorio, Enfermedades cardiovasculares, Enfermedades del aparato locomotor14aMEDICICNA PREVENTIVA - GUIAS 93315614aMEDICINA FAMILIAR - GUIAS 93315714aPRIMEROS AUXILIOS - GUIAS933158 2ddccBK c31333d31333 00102ddc40708002aMEVIECARbMEVIECARd2015-12-04hVolumen. 1 | 16/nov/2009l0o616.024 G841 p23052r2019-05-03 00:00:00tEj. 1w2015-12-04yBK